000 01695nam a2200397 i 4500
999 _c65497
_d65497
001 768714001
003 CO-MdFUSB
005 20200519113041.0
007 ta
008 200324b ||||| |||| 00| 0 eng d
020 _a9781565631816
040 _aCO-MdFUSB
_bspa
_cCO-MdFUSB
_dCO-MdFUSBC
_erda
041 _aeng
082 _223
_a225.09
_bAR723
100 _aArlandson, James Malcolm.
_eautor
242 1 _aMujeres, clase y sociedad en el cristianismo cristiano :
_bmodelos de Lucas y Hechos.
_linglés
245 1 _aWomen, class, and society in early Christianity :
_bmodels from Luke-Acts
_c/ James Malcolm Arlandson
264 1 _aEstados Unidos :
_bHendrickson Publishers,
_c[1997]
264 4 _c© 1997
300 _a238 páginas
_c; 24 cm
336 _2rdacontent
_atexto
_btxt
337 _2rdamedia
_asin mediación
_bn
338 _2rdacarrier
_avolumen
_bnc
500 _aColección Dawn Christina Harrell
504 _aIncluye Bibliografía
505 _aAgradecimientos. -- Abreviaturas. -- Lista de figuras. -- Capítulo 1: Introducción. -- Capítulo 2: Mujeres y clase en el Imperio Romano, I. -- Capítulo 3: Mujeres y clase en el Imperio Romano, II. -- Capítulo 4: Mujeres y clase en Lucas-Hechos. -- Capítulo 5: La caída de los hombres y el ascenso de las mujeres. -- Capítulo 6: Conclusión. -- Apéndice.
563 _aTapa dura
630 7 _aBiblia.
_vLucas
_xCrítica, interpretación, etc.
630 0 _aMujeres y religión.
630 0 7 _aBiblia.
_pNuevo Testamento
630 7 _aBiblia.
_pHechos
_xCrítica, interpretación, etc.
650 7 _9327
_aMujeres en la Biblia
942 _cBK
945 _aJTF-925
_bAEM-53